NFL Top 100 Colleges - Statistics

General Stats
  • This quiz has been taken 60 times
  • The average score is 78 of 100
Answer Stats
# Name Answer % Correct
7 Derrick Henry Alabama
98%
10 Patrick Surtain Alabama
98%
27 Jahmyr Gibbs Alabama
98%
30 Xavier McKinney Alabama
98%
33 Josh Jacobs Alabama
98%
46 Will Anderson Alabama
98%
82 Jerry Jeudy Alabama
98%
87 Quinnen Williams Alabama
98%
91 Tua Tagovailoa Alabama
98%
4 Ja'Marr Chase LSU
96%
6 Joe Burrow LSU
96%
9 Justin Jefferson LSU
96%
18 Derek Stingley LSU
96%
21 Jayden Daniels LSU
96%
25 Danielle Hunter LSU
96%
61 Brian Thomas LSU
96%
67 Malik Nabers LSU
96%
1 Saquon Barkley Penn State
96%
36 Micah Parsons Penn State
96%
62 Bijan Robinson Texas
96%
5 Patrick Mahomes Texas Tech
94%
3 Josh Allen Wyoming
92%
32 Nico Collins Michigan
90%
55 Aidan Hutchinson Michigan
90%
80 Rashan Gary Michigan
90%
13 Penei Sewell Oregon
90%
56 Justin Herbert Oregon
90%
64 Bo Nix Oregon
90%
84 Christian Gonzalez Oregon
90%
19 Jalen Hurts Oklahoma
88%
23 Lane Johnson Oklahoma
88%
35 CeeDee Lamb Oklahoma
88%
38 Nik Bonitto Oklahoma
88%
45 Trent Williams Oklahoma
88%
50 Baker Mayfield Oklahoma
88%
58 Joe Mixon Oklahoma
88%
93 Creed Humphrey Oklahoma
88%
20 Amon-Ra St. Brown USC
88%
72 Sam Darnold USC
88%
97 Drake London USC
88%
99 Leonard Williams USC
88%
2 Lamar Jackson Louisville
87%
48 Jonathan Greenard Louisville
87%
53 Jared Verse Florida State
85%
66 Jalen Ramsey Florida State
85%
95 Josh Sweat Florida State
85%
24 Brock Bowers Georgia
85%
40 Roquan Smith Georgia
85%
43 Jalen Carter Georgia
85%
59 Matthew Stafford Georgia
85%
75 Patrick Queen Georgia
85%
89 James Cook Georgia
85%
100 Ladd McConkey Georgia
85%
39 C.J. Stroud Ohio State
85%
52 Terry McLaurin Ohio State
85%
57 Nick Bosa Ohio State
85%
83 Cameron Heyward Ohio State
85%
54 Derwin James Florida State
83%
8 Myles Garrett Texas A&M
83%
44 Mike Evans Texas A&M
83%
28 Tristain Wirfs Iowa
79%
31 George Kittle Iowa
79%
60 Cooper DeJean Iowa
79%
94 Sam LaPorta Iowa
79%
16 Fred Warner BYU
77%
41 Puka Nacua BYU
77%
17 Dexter Lawrence Clemson
77%
77 Tee Higgins Clemson
77%
73 Christian McCaffrey Stanford
77%
11 T.J. Watt Wisconsin
77%
26 Zack Baun Wisconsin
77%
88 Andrew Van Ginkel Wisconsin
77%
15 Jared Goff California
73%
29 A.J. Brown Mississippi
73%
86 Laremy Tunsil Mississippi
73%
34 Budda Baker Washington
71%
76 Vita Vea Washington
71%
81 Trent McDuffie Washington
71%
51 Kyle Hamilton Notre Dame
69%
85 Kyren Williams Notre Dame
69%
12 Chris Jones Mississippi State
65%
79 Dak Prescott Mississippi State
65%
37 Travis Kelce Cincinnati
63%
63 Josh Hines-Allen Kentucky
60%
78 Khalil Mack Buffalo
58%
68 Jordan Love Utah State
56%
74 Bobby Wagner Utah State
56%
71 Kerby Joseph Illinois
52%
96 Lavonte David Nebraska
48%
98 Aaron Jones UTEP
48%
22 Maxx Crosby Eastern Michigan
46%
49 Quinyon Mitchell Toledo
40%
65 Trey McBride Colorado State
38%
90 Zach Allen Boston College
37%
70 Frankie Luvu Washington State
35%
92 Jessie Bates Wake Forest
33%
69 Jordan Mailata None
29%
47 Tyreek Hill West Alabama
25%
14 Trey Hendrickson Florida Atlantic
21%
42 Dion Dawkins Temple
19%
No matching quizzes found
Score Distribution
Percent of People with Each Score
Percentile by Number Answered
Your Score History
You have not taken this quiz